Innovatív marketingstratégia A marketing-mix a METRO Kereskedelmi Kft.-nél

Bibliographic Details
Main Author: Somogyi Vanessza Petra
Other Authors: Soós Dr. Gabriella
Format: Thesis
Kulcsszavak:7P modell
élelmiszer-kereskedelem
marketingeszközök
nagykereskedelem
vállalati marketing stratégiák
Online Access:http://dolgozattar.uni-bge.hu/60252

MARC

LEADER 00000nta a2200000 i 4500
001 dolg60252
005 20260409150210.0
008 260409suuuu hu om 000 hun d
040 |a BGE Dolgozattár Repozitórium  |b hun 
041 |a hu 
100 1 |a Somogyi Vanessza Petra 
245 1 0 |a Innovatív marketingstratégia  |b A marketing-mix a METRO Kereskedelmi Kft.-nél  |c Somogyi Vanessza Petra  |h [elektronikus dokumentum] 
520 3 |a A szakdolgozatom célja a METRO Kereskedelmi Kft. marketingstratégiájának elemzése és továbbfejlesztése a marketing-mix 7P elemrendszerén keresztül. A kutatásom fókuszában a professzionális B2B ügyfelek, különösen a HoReCa szektor és független kiskereskedők állnak, akiknek igényeihez igazítva vizsgálom a termék-, ár-, értékesítési és reklámpolitikát, valamint a személyzet, folyamatok és fizikai bizonyítékok szerepét. A dolgozatomban kitérek a makro- és iparági környezet kihívásaira, mint az infláció, digitalizáció, fenntarthatósági elvárások és munkaerőpiaci változások, melyek befolyásolják a kereskedelmi szektort. A kutatásom szekunder és primer adatgyűjtés, kérdőíves felmérés és tartalomelemzés. Az eredmények iránymutatást nyújtanak a marketingstratégia fejlesztéséhez, különös tekintettel a többcsatornás értékesítés, digitális szolgáltatások és saját márkák arányának növelésére a versenyképes piaci pozíció erősítése érdekében. 
695 |a 7P modell 
695 |a élelmiszer-kereskedelem 
695 |a marketingeszközök 
695 |a nagykereskedelem 
695 |a vállalati marketing stratégiák 
700 1 |a Soós Dr. Gabriella  |e ths 
856 4 0 |u http://dolgozattar.uni-bge.hu/60252/1/Szakdolgozat.pdf  |z Dokumentum-elérés 
856 4 0 |u http://dolgozattar.uni-bge.hu/60252/2/titkos%C3%ADt%C3%A1si%20k%C3%A9relem.pdf  |z Dokumentum-elérés 
856 4 0 |u http://dolgozattar.uni-bge.hu/60252/3/BA%20KM%20magyar%20b%C3%ADr%C3%A1lati%20lap%20KCS%C3%89%20Somogyi%20Vanessza.pdf  |z Dokumentum-elérés 
856 4 0 |u http://dolgozattar.uni-bge.hu/60252/4/BA_KM_SomogyiVanessza_SoosG.pdf  |z Dokumentum-elérés